Personnages de Soy luna - Mort subite - Statistiques

Statistiques générales
  • Ce quiz a été pris 129 fois
  • Le résultat moyen est 8 sur 11
Answers on the Grid
Answers color-coded by a green-red scale on the quiz's grid according to % correct below.
Luna
Kally
Tina
Gloria
Lucy
Ambre
Tamara
Olivia
Sharon
Dante
Delfina
Lisa
Simon
Lana
Kevin
Nina
Jim
Stefi
Gaston
Pablo
Mirko
Maria
Mora
Daisy
Wendy
Ulises
Ana
Mattéo
Vincent
Max
 
Statistiques - réponses
Réponse % Correct
Luna
99%
Ambre
85%
Simon
85%
Sharon
81%
Jim
79%
Delfina
77%
Gaston
76%
Tamara
73%
Nina
51%
Mattéo
44%
Mora
40%
Aucun quiz correspondant
Distribution des résultats
% des personnes avec chaque résultat
Percentile par nombre de réponses
Votre historique - résultats
Vous n’avez pas pris ce quiz